000 03093nkm0a2200481 4500
001 RU\NLR\BIBL_A\022712094
005 20260408150744.0
035 _a(NLR Aleph) 022712094
090 _a13541896
_c13541896
100 _a20260215 rusy50
101 0 _arus
102 _aRU
116 _adiycxx bk ae
135 _acrcn 024anaba
181 0 _ab4
_bxb2e
182 0 _an
200 1 _aВлияние усталости на число увечий
_h№ 1
_iРаспределение увечий по часам дня
_eоткрытое письмо
203 _aИзображение
_bнеподвижное
_bдвухмерное
_bвизуальное
_cнепосредственное
205 _a2-ое издание
210 _aС.-Петербург
_cИзд. "Музей труда"
_d[между 1908 и 1914]
_eСПБ [Санкт-Петербург]
_gТип. "Грамотность"
215 _a1 л.
_cцв. цинкогр.
_d8,9х13,9
300 _aНад диаграммами и под ними текст: Из каждой 1000 увечий, происшедших в 1904-1908 г.г., в текстильной промышлен. Петербургского района приходилось ...
325 _aКопия доступна в Электрон. б-ке РНБ
327 0 _aНа адрес. стороне изд. марка: обнаженный мужчина с молотом в руке, сидящий рядом с коринфской капителью, внизу текст: "Музей труда", в восьмиугольнике. Слева монограмма: SG
606 1 _aПочтовые открытки маркированные художественные
_yРоссия
_z1895 - 1917
_92195710
_3RU\NLR\AUTH\6601555036
606 1 _aТекстильная промышленность
_jОткрытки
_xПроизводственный травматизм
_91763721
_3RU\NLR\AUTH\661086364
606 1 _aПроизводственный травматизм
_jОткрытки
_xСтатистика
_91964054
_3RU\NLR\AUTH\66899341
686 0 _aЩ153(2Р=Рус)53-489
712 0 2 _4650
_a"Музей труда", издательство
_cПетербург
_3RU\NLR\AUTH\880638006
_92695045
712 0 2 _4610
_a"Грамотность", типография
_cПетербург
_3RU\NLR\AUTH\880638007
_92695046
830 _aГраницы датировки: 1908 - в тексте на открытке, 1914 - С.-Петербург. АЯ ОЭФ
852 0 0 _aNLR
_bЭ
_jОЭк514/1/1
_mЭот101096
856 0 _uhttps://vivaldi.nlr.ru/lo700000536/view
856 1 _uhttps://vivaldi.nlr.ru/lo700000536/cover
856 2 _uhttps://vivaldi.nlr.ru/lo700000536/text
942 _cVISUAL
980 _aNB
981 1 7 _a(17) Изографические материалы
_b(17) Открытки